| 000 | 00603nam a2200193 a 4500 | ||
|---|---|---|---|
| 005 | 20240608063648.0 | ||
| 008 | 991125s1923 mx 000 0 spa u | ||
| 035 | _aUPN01000004386 | ||
| 049 | _aLT | ||
| 050 | 4 |
_aLB1589 M6 _bB7.3a 1923 |
|
| 100 | 1 |
_aBruño, G. M. _930581 |
|
| 245 | 1 | 0 |
_aAritmética : _bcurso elemental / _cpor G. M. Bruño. |
| 250 | _a7a ed. | ||
| 260 |
_aParis ; _aMéxico : _bVda. de Ch. Bouret, _c1923. |
||
| 300 |
_a188 p. : _bil. |
||
| 650 | 4 |
_aAritmética _xEstudio y enseñanza (Elemental) _95289 |
|
| 650 | 4 |
_aMatemáticas _xEstudio y enseñanza (Elemental) _92809 |
|
| 905 | _aLibro | ||
| 999 |
_c4386 _d4386 |
||